<?xml version="1.0" encoding="UTF-8"?>
<record
    xmlns:xsi="http://www.w3.org/2001/XMLSchema-instance"
    xsi:schemaLocation="http://www.loc.gov/MARC21/slim http://www.loc.gov/standards/marcxml/schema/MARC21slim.xsd"
    xmlns="http://www.loc.gov/MARC21/slim">

  <leader>00799    a2200193   4500</leader>
  <controlfield tag="003">NUST</controlfield>
  <controlfield tag="005">20251118174357.0</controlfield>
  <datafield tag="040" ind1=" " ind2=" ">
    <subfield code="c">Nust</subfield>
  </datafield>
  <datafield tag="082" ind1=" " ind2=" ">
    <subfield code="a">621.382,SAL</subfield>
  </datafield>
  <datafield tag="100" ind1=" " ind2=" ">
    <subfield code="a">Saleem, GC Avais ( TCC-15B)</subfield>
    <subfield code="9">131933</subfield>
  </datafield>
  <datafield tag="245" ind1=" " ind2=" ">
    <subfield code="a">Design and implementation of cellular jammer /</subfield>
    <subfield code="c">GC Avais Saleem, GC Fasial Jawed  ,GC Ali Shahbaz and GC Shehryar Jadoon</subfield>
  </datafield>
  <datafield tag="260" ind1=" " ind2=" ">
    <subfield code="a">Rawalpindi</subfield>
    <subfield code="b">MCS (NUST)</subfield>
    <subfield code="c">March, 2007</subfield>
  </datafield>
  <datafield tag="300" ind1=" " ind2=" ">
    <subfield code="a">vii, 77 p.;</subfield>
  </datafield>
  <datafield tag="505" ind1=" " ind2=" ">
    <subfield code="a">Global System For Mobile Communication (Page-1), Introduction to Jamming (Page-15), Voltage Controlled Oscillator (Page-25), Sweep and Noise Generator (Page-34), RF Amplifier (PAge-38), Antenna Systems (Page-43).</subfield>
  </datafield>
  <datafield tag="650" ind1=" " ind2=" ">
    <subfield code="a">UG Projects</subfield>
    <subfield code="9">98716</subfield>
  </datafield>
  <datafield tag="651" ind1=" " ind2=" ">
    <subfield code="a">TCC-15B</subfield>
    <subfield code="9">131923</subfield>
  </datafield>
  <datafield tag="700" ind1=" " ind2=" ">
    <subfield code="a">Supervised by Maj (R) Fazal Ahmed</subfield>
    <subfield code="9">131806</subfield>
  </datafield>
  <datafield tag="942" ind1=" " ind2=" ">
    <subfield code="c">PR</subfield>
    <subfield code="2">ddc</subfield>
  </datafield>
  <datafield tag="999" ind1=" " ind2=" ">
    <subfield code="c">188639</subfield>
    <subfield code="d">188639</subfield>
  </datafield>
  <datafield tag="952" ind1=" " ind2=" ">
    <subfield code="0">0</subfield>
    <subfield code="1">0</subfield>
    <subfield code="2">ddc</subfield>
    <subfield code="4">0</subfield>
    <subfield code="7">0</subfield>
    <subfield code="a">MCS</subfield>
    <subfield code="b">MCS</subfield>
    <subfield code="c">REF</subfield>
    <subfield code="d">2016-12-12</subfield>
    <subfield code="o">621.382,SAL</subfield>
    <subfield code="p">MCSPTC-88</subfield>
    <subfield code="r">2016-12-08</subfield>
    <subfield code="w">2016-12-12</subfield>
    <subfield code="y">PR</subfield>
    <subfield code="z">Almirah No. 94, Shelf No. 2</subfield>
  </datafield>
</record>
